000 00415nam a22001697a 4500
005 20180327153403.0
008 160518b xxu||||| |||| 00| 0 eng d
020 _a978-81-8209-170-2
041 _aeng
082 _b2715
_a338.7
100 _aGopal Namita
_9729
245 _aBusiness Environment
260 _aNew Delhi
_bMc Graw Hill Companies,
_c2008
300 _a265
650 _aManagement
_9241
942 _cBK
999 _c978
_d978